| 000 | 00400nam a22001337a 4500 | ||
|---|---|---|---|
| 020 | _a0-13-902700-9 | ||
| 082 | _a621.385 CHA'T | ||
| 100 |
_aCHOPRAFAS, DIMITRIS N _965358 |
||
| 245 | _aTELEPHONY , TODAY AND TOMORROW | ||
| 260 |
_aNEWJERSCY _bPRENTICE HALL _c1984 |
||
| 300 | _a292P | ||
| 650 |
_aTELECOMMUNICATION TECHNOLOGICAL INNOVATIONS TELEPHONE TECHNOLOGICAL INNOVATIONS _965359 |
||
| 942 | _cBK | ||
| 999 |
_c573596 _d573596 |
||